000 a
999 _c91033
_d91032
005 20190706152950.0
008 190706b ||||| |||| 00| 0 eng d
080 _a89M-94
_bIND
100 _aIndu B.Nair
245 _aSmrithi Kadhakal (സ്‌മൃതി കഥകൾ)
260 _bOlive
_aKozhikode
_c2017
300 _a129 p.
653 _aMemoirs- Malayalam
942 _cBK